000 00540nam a2200181Ia 4500
003 IN-BaIIA
008 211028s9999 xx 000 0 eng d
040 _cIIA Library
080 _a530.1
_bGRI
100 _aGrimsdell, J. L.
_95191
245 3 _aAn approach to physics
_cJ. L. Grimsdell and R. D. Mansell
260 _aLondon
_bMethuen
_c1966
300 _ax, 358p.
650 _aAstronomy and astrophysics thesaurus
650 _aPhysics
_973
700 _aMansell, R. D.
_95192
942 _cBK
999 _c2908
_d2908